| 000 | 02227nam a2200337Ia 4500 | ||
|---|---|---|---|
| 999 |
_c55021 _d55021 |
||
| 001 | 22095 | ||
| 003 | GE_BSU | ||
| 005 | 20221025110201.0 | ||
| 008 | 181216s ||||ge |||||||||||||| ||geo|| | ||
| 020 | _a9789941135019 | ||
| 040 | _cGE_BSU | ||
| 041 | _ageo | ||
| 080 | _a811.353.1-25(072) ქ-21 | ||
| 100 |
_aქამუშაძე, თეა _915515 |
||
| 245 |
_aქართული კინოს სამეტყველო ენა : _bპრაქტიკული სავარჯიშოები ქართული ენის შემსწავლელთათვის / _cთეა ქამუშაძე, ციკო ინაური ; რედაქტორი კახა გაბუნია ; გარეკანის დიზაინი ნინო იოსელიანი. |
||
| 264 |
_aთბილისი : _bთბილ. უნ-ტის გამ-ბა, _c2016. |
||
| 300 |
_a154 გვ. : _bილ. ; _c20 სმ. |
||
| 504 | _aბიბლიოგრაფია გვ. 149 | ||
| 541 | _h5ლ.30თ. | ||
| 653 | _aქართული ენა | ||
| 653 | _aქართული ენა -- სწავლების მეთოდიკა უცხოელებისათვის | ||
| 653 | _aქართული ფილმებით ენის შესწავლა უცხოელებისათვის | ||
| 653 | _aქართული კინოს სამეტყველო ენა | ||
| 653 | _aპრაქტიკული სავარჯიშოები ქართული ენის შემსწავლელთათვის | ||
| 653 | _aხელოვნება | ||
| 700 |
_aინაური, ციკო _eავტორი _915516 |
||
| 700 |
_a გაბუნია, კახა _eრედაქტორი _915517 |
||
| 700 |
_aიოსელიანი, ნინო _eგარეკანის დიზაინი _912336 |
||
| 710 |
_aივანე ჯავახიშვილის სახელობის თბილისის სახელმწიფო უნივერსიტეტი _915518 |
||
| 942 |
_cBK _2udc |
||